000 00794nam a22002417a 4500
003 OSt
005 20210511142031.0
007 ta
008 210302b 2020 dr 00| 0 eng d
020 _a9789945093681
040 _aDO-SdBNP
_bspa
_cBNPHU
082 4 _a248.4
_bT454h
_222
100 1 _aThomas, Marco
_977980
245 1 0 _aHay que volver al principio con Dios :
_bes urgente, tiene que leerlo escapa por tu vida /
_c Marco Thomas.
260 _aSanto Domingo :
_bSociedad Biblica Internacional,
_c2020.
300 _a220 p. ;
_c23 cm.
500 _aIncluye datos biográficos del autor en la contracubierta.
590 _aInventariado, 2021 /LP
650 4 _a Vida cristiana
_91305
650 4 _aFĂ© en Dios
_951131
910 _aValidado. Control de calidad MFF
942 _2ddc
_cLBS1
999 _c49478
_d49478